000 00983cam a2200313 a 4500
001 13011176
005 20170718141252.0
006 000
007 000
008 000
010 _a 2002375077
020 _a9966916512
040 _aUOEL
_cDLC
_dDLC
042 _alcode
043 _afs-----
050 0 0 _aTP248.195.A357
_bM84 2002
100 1 _aMugabe, John.
245 1 0 _aBiotechnology in sub-Saharan Africa :
_btowards a policy research agenda /
_cJohn Mugabe.
260 _aNairobi, Kenya :
_bAfrican Technology Policy Studies Network,
_cc2002.
300 _a28 p. ;
_c24 cm.
440 0 _aATPS special paper ;
_vno. 3
500 _a"February 2002."
504 _aIncludes bibliographical references (p. 27-28).
650 0 _aBiotechnology
_zAfrica, Sub-Saharan.
650 0 _aBiotechnology industries
_zAfrica, Sub-Saharan.
906 _a7
_bcbc
_corigode
_d3
_encip
_f20
_gy-gencatlg
942 _2lcc
_cSBK
999 _c13386
_d13386